|
|
|
|
| LEADER |
00671cam a2200193 7i4500 |
| 001 |
0000036052 |
| 005 |
20100823090000.0 |
| 020 |
|
|
|a 9789831243770 (pbk.)
|
| 090 |
0 |
0 |
|a TX747
|b .K55 2008
|
| 245 |
0 |
0 |
|a Kompilasi masakan ikan laut
|c selenggaraan oleh Patonah Chai Choh.
|
| 260 |
|
|
|a Shah Alam, Selangor:
|b Alaf 21,
|c 2008.
|
| 300 |
|
|
|a 64 p.:
|b col. ill.;
|c 25 cm.
|
| 650 |
0 |
0 |
|a Cookery (Fish)
|
| 650 |
0 |
0 |
|a Cookery (Seafood)
|
| 650 |
0 |
0 |
|a Fish as food
|
| 700 |
0 |
|
|a Patonah Chai Choh
|
| 999 |
|
|
|a 0000041167
|b BOK
|c OPEN SHELF
|e 2nd Floor, Bestari Jaya
|
| 999 |
|
|
|a 0000041168
|b BOK
|c OPEN SHELF
|e 2nd Floor, Bestari Jaya
|
| 999 |
|
|
|a 0000041169
|b BOK
|c OPEN SHELF
|e 2nd Floor, Shah Alam
|